000 00448nam a2200169Ia 4500
008 240729s9999 xx 000 0 und d
022 _a2530-1381
245 0 _aJournal of Bioinformatics and Genomics
260 _aSpain
260 _bCifra Publishing House
650 _a Biology (General)
650 _a Genetics
650 _aScience
856 _uhttps://doaj.org/toc/84589bd3f83448f1ac48ff1f2b9537f7
942 _2ddc
942 _cDOAJEJ
999 _c66588
_d66588
945 _a1
_bMadushi Gamage
_c1
_dMadushi Gamage